01000 2200325 4500001002100000005001500021035002000036007000300056008004100059020002200100040002100122082001900143084002100162090002500183090002200208100002600230245007300256300004500329650003700374700003600411850001200447504003300459264004400492336002100536337003000557338002300587999002200610990002200632990002000654INLIS00000000085602920200707011927 a0010-0720000242ta200707s2019 yoia g ind d a978-602-376-257-6 aYOPDOGbinderda04223a610.730692 a610.730692 RUD k aDEP 610.730692 RUD k aCB-D.11 2019-28350 aRudi Haryonoepenulis10aKeperawatan medikal bedah 2 /cRudi Haryono, Maria Putri Sari Utami, a384 halaman :bilustrasi, tabel ;c23 cm 4aPerawat dan Keperawatan--xBedah0 aMaria Putri Sari Utamiepenulis aYOPDYOG aBibliografi: halaman 375-38231aYogyakarta :bPustaka Baru Press,c2019 2rdacontentateks 2rdamediaatanpa perantara 2rdacarrieravolume aCB-D.11/2019-2835 aCB-D.11/2019-2835 a66564-PD/A.2020